000 01629nab a22002657a 4500
999 _c5594
_d5594
003 OSt
005 20251219174835.0
008 190429b xxu||||| |||| 00| 0 spa d
040 _cPJ
110 _96573
_aEquipo técnico de la Red Intercambio Técnico de la Economía Popular
245 1 0 _aLa insignificancia de la acción penal frente a las tensiones entre la protección de las marcas y la venta ambulante de indumentaria apócrifa en América Latina /
_cEquipo técnico de la Red Intercambio Técnico de la Economía Popular.
260 _cCiudad Autónoma de Buenos Aires :
_aThomson Reuters La Ley,
_b2025.
300 _ap. 17-25
500 _a Cita: TR LALEY AR/DOC/2842/2025.
505 _a Sumario: I. Resumen.— II. Introducción.— III. Argumentos jurídicos dominantes.— IV. En defensa de la racionalidad, proporcionalidad e insignificancia.— V. Análisis del comportamiento social ante la sensación de pertenencia y exclusión que generan las marcas.— VI. Aproximaciones sobre el estado de situación de la región.— VII. Conclusión.— VIII. Bibliografía.
505 _tSi te interesa el texto completo, solicitalo a koha@justierradelfuego.gov.ar
650 0 _96327
_aDERECHO DE PROPIEDAD
650 0 _9343
_aDERECHO PENAL
650 0 _92608
_aDERECHOS DEL CONSUMIDOR
650 0 _92758
_aASOCIACIÓN ILÍCITA
650 0 _93956
_aMARCAS
650 0 _95945
_aFALSIFICACIÓN DE SELLOS, TIMBRES Y MARCAS
773 0 _02658
_93164
_tRevista de derecho penal y criminología. Nº 11 - Diciembre 2025
_dCiudad Autónoma de Buenos Aires : Thomson Reuters La Ley, 2017-
_x00347914
942 _2udc
_cANA